Catholic University of Zimbabwe Library
Online Public Access Catalogue
(OPAC)

Hsin-lun (New Treatise) and Other Writings by Huan T'an (43 B.C.-28 A.D.) (Record no. 27174)

MARC details
000 -LEADER
fixed length control field 01822cam a22004934a 4500
001 - CONTROL NUMBER
control field muse92052
003 - CONTROL NUMBER IDENTIFIER
control field MdBmJHUP
005 - DATE AND TIME OF LATEST TRANSACTION
control field 20210127151827.0
006 - FIXED-LENGTH DATA ELEMENTS--ADDITIONAL MATERIAL CHARACTERISTICS
fixed length control field m o d
007 - PHYSICAL DESCRIPTION FIXED FIELD--GENERAL INFORMATION
fixed length control field cr||||||||nn|n
008 - FIXED-LENGTH DATA ELEMENTS--GENERAL INFORMATION
fixed length control field 200918r20201975miu o 00 0 eng d
020 ## - INTERNATIONAL STANDARD BOOK NUMBER
International Standard Book Number 9780472901395
020 ## - INTERNATIONAL STANDARD BOOK NUMBER
Canceled/invalid ISBN 9780892640201
035 ## - SYSTEM CONTROL NUMBER
System control number (OCoLC)1196231858
040 ## - CATALOGING SOURCE
Original cataloging agency MdBmJHUP
Transcribing agency MdBmJHUP
041 1# - LANGUAGE CODE
Language code of text/sound track or separate title eng
Language code of original chi
050 #4 - LIBRARY OF CONGRESS CALL NUMBER
Classification number B128.H86
Item number A2 1975
082 0# - DEWEY DECIMAL CLASSIFICATION NUMBER
Classification number 181.11
100 1# - MAIN ENTRY--PERSONAL NAME
Personal name Huan, Tan,
Dates associated with a name approximately 40 B.C.-approximately 32 A.D.,
Relator term author.
240 10 - UNIFORM TITLE
Uniform title Works.
Form subheading Selections.
Language of a work English
245 10 - TITLE STATEMENT
Title Hsin-lun (New Treatise) and Other Writings by Huan T'an (43 B.C.-28 A.D.)
Statement of responsibility, etc. by Timoteus Pokora.
264 #1 - PRODUCTION, PUBLICATION, DISTRIBUTION, MANUFACTURE, AND COPYRIGHT NOTICE
Name of producer, publisher, distributor, manufacturer Project Muse,
264 #3 - PRODUCTION, PUBLICATION, DISTRIBUTION, MANUFACTURE, AND COPYRIGHT NOTICE
Name of producer, publisher, distributor, manufacturer Project MUSE,
300 ## - PHYSICAL DESCRIPTION
Extent 1 online resource (1 EPUB unpaged.)
490 0# - SERIES STATEMENT
Series statement Michigan papers in Chinese studies ;
Volume/sequential designation no. 20
500 ## - GENERAL NOTE
General note Issued as part of book collections on Project MUSE.
504 ## - BIBLIOGRAPHY, ETC. NOTE
Bibliography, etc. note Includes bibliographical references and index.
506 0# - RESTRICTIONS ON ACCESS NOTE
Terms governing access Open Access
Standardized terminology for access restriction Unrestricted online access
Source of term star
588 ## - SOURCE OF DESCRIPTION NOTE
Source of description note Description based on print version record.
650 #0 - SUBJECT ADDED ENTRY--TOPICAL TERM
Topical term or geographic name entry element Chinese philosophy
655 #0 - INDEX TERM--GENRE/FORM
Genre/form data or focus term Electronic books.
655 #7 - INDEX TERM--GENRE/FORM
Genre/form data or focus term Electronic books.
Source of term local
700 1# - ADDED ENTRY--PERSONAL NAME
Personal name Pokora, Timoteus,
Relator term writer of added commentary.
710 2# - ADDED ENTRY--CORPORATE NAME
Corporate name or jurisdiction name as entry element Project Muse,
Relator term distributor.
776 18 - ADDITIONAL PHYSICAL FORM ENTRY
Relationship information Print version:
Record control number (DLC) 75330801
International Standard Book Number 9780892640201
710 2# - ADDED ENTRY--CORPORATE NAME
Corporate name or jurisdiction name as entry element Project Muse.
Relator term distributor
830 #0 - SERIES ADDED ENTRY--UNIFORM TITLE
Uniform title Michigan papers in Chinese studies ;
Volume/sequential designation no. 20.
830 #0 - SERIES ADDED ENTRY--UNIFORM TITLE
Uniform title Book collections on Project MUSE.
856 40 - ELECTRONIC LOCATION AND ACCESS
Public note Full text available:
Uniform Resource Identifier <a href="https://muse.jhu.edu/book/77798/">https://muse.jhu.edu/book/77798/</a>
Holdings
Withdrawn status Lost status Source of classification or shelving scheme Damaged status Not for loan Home library Current library Shelving location Date acquired Total Checkouts Full call number Date last seen Uniform Resource Identifier Price effective from Koha item type
          Digital Library Digital Library Online Access 27.01.2021   B128.H86 A2 1975 27.01.2021 https://muse.jhu.edu/book/77798/ 27.01.2021 eBook

OPENING HOURS

Weekdays: 0815hrs - 1800hrs
Weekends:0900hrs - 1200hrs

Closed for Mass:

Mon, Thur: 1200hrs - 1300hrs
Sunday & Public Holiday’s

CALL SUPPORT

0242-570570, 0242-570169
09200664, +263 8644140602

LOCATION

18443, Cranborne Avenue, Hatfield, Harare

Other Links


©2021 | CUZ Library